000 00822nam a22002177a 4500
999 _c7431
_d7431
003 AR-CdUCM
008 190320b ||||| |||| 00| 0 spa d
040 _aMUNICIPALIDAD PROVINCIAL DEL CUSCO
_cBIBLIOTECA MUNICIPAL DEL CUSCO
082 _a630.918 /
_bN77
100 _aNolc, Marcel
_920952
245 _aLa agricultura Checoslovaca /
260 _aPraga :
_bOrbis,
_c1960.
300 _a108 páginas ;
_bcuadros, ilustraciones, mapas,
_c21 cm.
505 _aContenido: Ojeada sobre las condiciones naturales -- Los pueblos de antaño hablan a los de hogaño -- La tierra pertenece a los que la cultivan -- Utilización de los medios mecánicos ...
650 _aChecoslovaca
_920953
650 _aAgricultura
_9320
650 _aProducción
_91785
650 _aMisión
_920322
942 _2ddc
_cLIBROS
945 _aachl